书目信息 |
| 题名: |
法学导论
|
|
| 作者: | Radbruch , 拉德布鲁赫 著 ;朱林 , 米健 译 | |
| 分册: | ||
| 出版信息: | 北京 中国大百科全书出版社 1997 |
|
| 页数: | 233页 | |
| 开本: | 20cm | |
| 丛书名: | 外国法律文库 | |
| 单 册: | ||
| 中图分类: | D90 | |
| 科图分类: | 34.03 | |
| 主题词: | 法学--概论 | |
| 电子资源: | ||
| ISBN: | 7-5000-5803-9 | |
| 000 | 00929nam0 2200313 45 | |
| 001 | 070730000682 | |
| 005 | 20071015145853.09 | |
| 010 | @a7-5000-5803-9@dCNY12.50 | |
| 092 | @aCN@bTS01-003257 | |
| 100 | @a19980212d1997 kemy0chiy0120 ea | |
| 101 | 1 | @achi@cger |
| 102 | @aCN@b110000 | |
| 105 | @ay n 000yy | |
| 200 | 1 | @a法学导论@Afa xue dao lun@f(德)拉德布鲁赫(G.Radbruch)著@g米健,朱林译 |
| 210 | @a北京@c中国大百科全书出版社@d1997 | |
| 215 | @a233页@d20cm | |
| 225 | 2 | @a外国法律文库@dForeign law library@zeng@v15 |
| 300 | @a据莱比锡Quelle & Meher出版社1929年版译出 | |
| 300 | @a美国福特基金会资助翻译、出版 | |
| 410 | 0 | @12001 @a外国法律文库 |
| 606 | 0 | @a法学@x概论 |
| 690 | @aD90@v4 | |
| 692 | @a34.03@v2 | |
| 701 | A1 | @aRadbruch@bG.@4著 |
| 701 | 1 | @a拉德布鲁赫@Ala de bu lu he@bG.@4著 |
| 702 | 0 | @a朱林@Azhu lin@4译 |
| 702 | 0 | @a米健@Ami jian@4译 |
| 801 | 0 | @aCN@c20071015 |
| 905 | @dD90@eL001 | |
| 法学导论/(德)拉德布鲁赫(G.Radbruch)著/米健,朱林译.-北京:中国大百科全书出版社,1997 |
| 233页;20cm.-(外国法律文库=Foreign law library;15) |
| 据莱比锡Quelle & Meher出版社1929年版译出.-美国福特基金会资助翻译、出版 |
| ISBN 7-5000-5803-9:CNY12.50 |
| ● |
| 相关链接 |
|
|
|
正题名:法学导论
索取号:D90/L001
 
预约/预借
| 序号 | 登录号 | 条形码 | 馆藏地/架位号 | 状态 | 备注 |
| 1 | 651673 | 206516732 | 社科库509/509社科库 80排1列4层/ [索取号:D90/L001] | 在馆 | |
| 2 | 651674 | 206516741 | 社科库509/509社科库 80排1列4层/ [索取号:D90/L001] | 在馆 | |
| 3 | 651675 | 206516750 | 社科库509/509社科库 80排1列4层/ [索取号:D90/L001] | 在馆 |